First 100 Words of To Kill A Mockingbird - Statistics

General Stats
  • This quiz has been taken 95 times
  • The average score is 38 of 100
Answer Stats
Answer % Correct
the
86%
he
80%
He
80%
and
76%
to
73%
was
70%
When
70%
when
70%
at
67%
my
62%
on
61%
Jem
56%
his
55%
His
55%
we
55%
brother
52%
arm
48%
it
48%
of
48%
had
45%
so
42%
by
38%
as
36%
were
36%
thirteen,
33%
could
32%
got
30%
broken
29%
football
29%
have
29%
about
27%
elbow.
27%
or
27%
nearly
26%
play
23%
them,
23%
badly
20%
right;
20%
right
20%
back
18%
hand
18%
long
18%
never
18%
being
17%
gone
17%
look
17%
pass
17%
shorter
17%
than
17%
us
17%
years
17%
healed,
15%
able
14%
couldn't
14%
enough
14%
left
14%
angles
12%
seldom
11%
stood
11%
fears
9%
injury.
9%
Jem's
9%
punt.
9%
somewhat
9%
thumb
9%
walked,
9%
assuaged,
8%
body,
8%
less,
8%
parallel
8%
self-conscious
8%
thigh.
8%
cared
6%
sometimes
6%
discussed
5%
enable
5%
No matching quizzes found
Score Distribution
Percent of People with Each Score
Percentile by Number Answered
Your Score History
You have not taken this quiz